LEADER 01079nam a2200253 i 4500 001 000000238298 003 CaOOAMICUS 005 20150128000000.0 008 150128s1965 it u000 u ita u 013 $a217203 040 $aSeMil$bita 100 1 $aArfè, Gaetano <1925-2007>.$0(OLS)http://semarc/name/5970 245 10$aStoria del socialismo italiano (1892-1926) /$cGaetano Arfè. 250 $a2. edizione riveduta. 260 $aTorino :$bPiccola Biblioteca Einaudi,$ccopyr. 1965 (stampa 1966) 300 $a387 p. ;$c18 cm. 490 0 $aPiccola biblioteca Einaudi ;$v71 500 $aContiene : Nota bibliografica. 650 4$aSocialismo - Italia - 1890-1926.$0(OLS)http://semarc/subject/2026 830 0$aPiccola biblioteca Einaudi ;$v71.$0(OLS)http://semarc/title/11221 850 $aSeMil 852 $aSeMil$W1$xVenegono$y1$m3N I 389$j188644$B188644$CSeMilBibl$Z2$F199397 $81 996 $6245$aStoria del socialismo italiano (1892-1926)$9(OLS)http://semarc/title/339575 996 $6260$aTorino :$bPiccola Biblioteca Einaudi$9(OLS)http://semarc/publisher/34351 LEADER 00918nam a2200181 i 4500 001 000000057659 003 CaOOAMICUS 005 19971015000000.0 008 971015n xx u000 u lat u 013 $a28831 040 $aSeMil$bita 100 1 $aChereath, Sebastianus.$0(OLS)http://semarc/name/29342 245 13$aDe personis moralibus ecclesiasticis in India Britannica. Romae :$bApud Custodiam Librariam Pont. Instituti Utriusque Iuris, 1941. (Theses ad Lauream , N. 24). 650 4$aCristianesimo - India.$0(OLS)http://semarc/subject/7833 650 4$aTesi di laurea.$0(OLS)http://semarc/subject/1690 850 $aSeMil 852 $aSeMil$W1$xVenegono$y1$m2I V 403$j23813$B23813$CSeMilBibl$Z2$F23815 $81 996 $6245$aDe personis moralibus ecclesiasticis in India Britannica. Romae :$bApud Custodiam Librariam Pont. Instituti Utriusque Iuris, 1941. (Theses ad Lauream , N. 24).$9(OLS)http://semarc/title/89762